000 00233 a2200097 4500
020 _a9781842650431
100 _aRathore, T. S.
245 _aDigital measurement techniques
250 _a2nd ed.
260 _bAlpha Science International
_c2003
999 _c473
_d473